| 000 | 00711pam a2200229 i 4500 | ||
|---|---|---|---|
| 999 |
_c5176 _d5176 |
||
| 003 | OSt | ||
| 005 | 20220405070030.0 | ||
| 008 | 790604s1979 enka b 001 0 eng | ||
| 020 | _a0192611941 (pbk.) : | ||
| 040 | _cDLC | ||
| 050 | 0 | 0 |
_aRC670 _b.L43 1979 |
| 100 | 1 | _aLeatham, Aubrey. | |
| 245 | 1 | 3 |
_aAn introduction to the examination of the cardiovascular system / _cAubrey Leatham. |
| 250 | _a2d ed. | ||
| 260 |
_aOxford ; _aNew York : _bOxford University Press, _c1979. |
||
| 300 |
_a99 p. : _bill. ; _c19 cm. |
||
| 500 | _aIncludes index. | ||
| 504 | _aBibliography: p. 59. | ||
| 650 | 0 |
_aCardiovascular system _xExamination. |
|
| 906 |
_a7 _bcbc _corignew _d1 _eocip _f19 _gy-gencatlg |
||
| 942 |
_2lcc _cBK _nMM |
||